|
|
|
|
| LEADER |
00000cam a2200000 4500 |
| 001 |
vtls012259883 |
| 003 |
SK-MaSNL |
| 005 |
20260301105900.0 |
| 008 |
250414t2024 xo e f 000 0 slo |
| 015 |
|
|
|a SNBA2025/01
|
| 020 |
|
|
|a 9788089873685
|q (brožované)
|
| 040 |
|
|
|a SNK
|b slo
|c SNK
|e AACR2
|
| 041 |
1 |
|
|a slo
|h cze
|
| 044 |
|
|
|a xo
|c SK
|
| 072 |
|
7 |
|a 316.4/.7
|x Sociálne interakcie
|2 konspekt
|
| 080 |
|
|
|a 316.472.4
|2 2011
|
| 080 |
|
|
|a 316.472.42
|2 2011
|
| 080 |
|
|
|a 316.356.2
|2 2011
|
| 080 |
|
|
|a 159.942.2
|2 2011
|
| 080 |
|
|
|a 159.923.2
|2 2011
|
| 080 |
|
|
|a 316.3/.6
|2 2011
|
| 080 |
|
|
|a 615.851
|2 2011
|
| 080 |
|
|
|a 165.242.1
|2 2011
|
| 080 |
|
|
|a (0.062)
|2 2011
|
| 080 |
|
|
|a (078.7)
|2 2011
|
| 080 |
|
|
|a (0:82-32)
|2 2011
|
| 100 |
1 |
|
|a Vojtko, Honza,
|d 1975-
|4 aut
|9 199682
|
| 240 |
1 |
0 |
|a Vztahy a pasti
|l Slovensky
|
| 245 |
1 |
0 |
|a Vzťahy a pasce
|b párová terapia do vrecka
|c Honza Vojtko
|
| 264 |
|
1 |
|a Bratislava
|b Aktuell
|c [2024]
|
| 264 |
|
4 |
|c ©2024
|
| 300 |
|
|
|a 188 strán
|c 20 cm
|
| 336 |
|
|
|a text
|b txt
|2 rdacontent
|
| 337 |
|
|
|a bez média
|b n
|2 rdamedia
|
| 338 |
|
|
|a zväzok
|b nc
|2 rdacarrier
|
| 500 |
|
|
|a Obsahuje biografické údaje o autorovi na záložke obalu publikácie
|
| 500 |
|
|
|a Preložené z češtiny
|
| 500 |
|
|
|a Translation © Zora Sadloňová
|
| 650 |
0 |
7 |
|a interpersonálne vzťahy
|2 SNKPH
|9 3770
|
| 650 |
0 |
7 |
|a partnerské vzťahy
|2 SNKPH
|9 2250
|
| 650 |
0 |
7 |
|a rodinné vzťahy
|2 SNKPH
|9 3865
|
| 650 |
0 |
7 |
|a emocionálne vzťahy
|2 SNKPH
|9 71416
|
| 650 |
0 |
7 |
|a sebauvedomovanie
|2 SNKPH
|9 71747
|
| 650 |
0 |
7 |
|a človek a spoločnosť
|2 SNKPH
|9 4102
|
| 650 |
0 |
7 |
|a psychoterapia
|2 SNKPH
|9 2575
|
| 650 |
0 |
7 |
|a Interpersonal relations
|2 SNKPHeng
|9 278058
|
| 650 |
0 |
7 |
|a Partner relationships
|2 SNKPHeng
|9 284534
|
| 650 |
0 |
7 |
|a Family relations
|2 SNKPHeng
|9 314888
|
| 650 |
0 |
7 |
|a Emocional relations
|2 SNKPHeng
|9 373534
|
| 650 |
0 |
7 |
|a Self-awareness
|2 SNKPHeng
|9 334255
|
| 650 |
0 |
7 |
|a Man and society
|2 SNKPHeng
|9 268434
|
| 650 |
0 |
7 |
|a Psychotherapy
|2 SNKPHeng
|9 266881
|
| 650 |
0 |
7 |
|a Partner therapy
|2 SNKPHeng
|9 414991
|
| 650 |
0 |
7 |
|a párová terapia
|2 SNKPH
|9 84339
|
| 655 |
|
7 |
|a populárno-náučné publikácie
|2 SNKPH
|9 70460
|
| 655 |
|
7 |
|a prípadové štúdie
|2 SNKPH
|9 70498
|
| 655 |
|
7 |
|a príbehy
|2 SNKPH
|9 70507
|
| 655 |
|
7 |
|a Popular works
|2 SNKPHeng
|9 90287
|
| 655 |
|
7 |
|a Case studies
|2 SNKPHeng
|9 302769
|
| 655 |
|
7 |
|a Stories
|2 SNKPHeng
|9 265785
|
| 700 |
1 |
|
|a Sadloňová, Zora,
|d 1954-
|4 trl
|9 100903
|
| 852 |
|
|
|a Slovenská národná knižnica
|
| 919 |
|
|
|a 978-80-89873-68-5
|
| 954 |
|
|
|a odborná, vedecká literatúra cudzojazyčná (svetová)
|2 lita
|
| 954 |
|
|
|a UP
|
| 968 |
|
|
|b ČES
|
| 999 |
|
|
|c 701902
|d 703832
|
| 952 |
|
|
|a SNK
|b SNK
|y PREZ
|7 0
|p 17A1552515
|o snkSD 92775
|i snk2024/14465
|8 0
|0 0
|1 0
|4 0
|d 2024-09-19
|l 0
|r 2026-02-23 21:02:03
|w 2026-02-23
|
| 952 |
|
|
|a SNK
|b SNKPULT
|y VYP
|7 0
|p 17A1552514
|o snkSD 92775 D1
|i snk2024/14466
|8 0
|0 0
|1 0
|4 0
|d 2024-09-19
|l 1
|q 2026-06-05
|r 2026-05-06 14:45:54
|s 2026-05-06
|w 2026-02-23
|